Reform of business tenancies legislation (Record no. 70749)

MARC details
000 -LEADER
fixed length control field 01320cam a2200289 4500
001 - CONTROL NUMBER
control field ABS65737
008 - FIXED-LENGTH DATA ELEMENTS--GENERAL INFORMATION
fixed length control field 020716n2002 000 0 eng u
035 ## - SYSTEM CONTROL NUMBER
System control number (Sirsi) u118868
100 ## - MAIN ENTRY--PERSONAL NAME
Personal name Hewitson, R
245 ## - TITLE STATEMENT
Title Reform of business tenancies legislation
260 ## - PUBLICATION, DISTRIBUTION, ETC.
Date of publication, distribution, etc. 2002
490 ## - SERIES STATEMENT
Series statement Conveyancer and Property Lawyer
Volume/sequential designation (66) May/June 2002, 261-272(7)
520 ## - SUMMARY, ETC.
Summary, etc. Examines government's proposals to reform Part II of the Landlord and Tenant Act 1954 which aim to streamline existing legislation rather than change the basic framework of the 1954 Act. Discusses the following areas: contracting out of security of tenure; extending the scope of the 1954 Act; s40 notices; renewal procedures; termination proceedings; termination of fixed term tenancies; time limits; interim rent; the term of a new lease; and compensation. Concludes that the proposals will improve and simplify the 1954 Act but queries whether they go far enough.
590 ## - LOCAL NOTE (RLIN)
Local note ABS
650 ## - SUBJECT ADDED ENTRY--TOPICAL TERM
Topical term or geographic name entry element REFORM
650 ## - SUBJECT ADDED ENTRY--TOPICAL TERM
Topical term or geographic name entry element CONTRACTING OUT
650 ## - SUBJECT ADDED ENTRY--TOPICAL TERM
Topical term or geographic name entry element LEASES
650 ## - SUBJECT ADDED ENTRY--TOPICAL TERM
Topical term or geographic name entry element TERMINATION
650 ## - SUBJECT ADDED ENTRY--TOPICAL TERM
Topical term or geographic name entry element INTERIM RENT
650 ## - SUBJECT ADDED ENTRY--TOPICAL TERM
Topical term or geographic name entry element RENEWAL
650 ## - SUBJECT ADDED ENTRY--TOPICAL TERM
Topical term or geographic name entry element TIME LIMITS
650 ## - SUBJECT ADDED ENTRY--TOPICAL TERM
Topical term or geographic name entry element S40 NOTICES
650 ## - SUBJECT ADDED ENTRY--TOPICAL TERM
Topical term or geographic name entry element LANDLORD AND TENANT ACT 1954
650 ## - SUBJECT ADDED ENTRY--TOPICAL TERM
Topical term or geographic name entry element BUSINESS TENANCIES
690 ## - LOCAL SUBJECT ADDED ENTRY--TOPICAL TERM (OCLC, RLIN)
Topical term or geographic name as entry element LANDLORD AND TENANT-BUSINESS TENANCIES
942 ## - ADDED ENTRY ELEMENTS (KOHA)
Suppress in OPAC 0
Holdings
Withdrawn status Lost status Source of classification or shelving scheme Damaged status Not for loan Home library Current library Shelving location Date acquired Total Checkouts Full call number Barcode Date last seen Copy number Price effective from Koha item type
    Dewey Decimal Classification     London London Journal article 16/07/2002   ABS65737 118868-1001 06/08/2019 1 06/08/2019 Journal article